<?xml version="1.0" encoding="UTF-8"?>
<record
    xmlns:xsi="http://www.w3.org/2001/XMLSchema-instance"
    xsi:schemaLocation="http://www.loc.gov/MARC21/slim http://www.loc.gov/standards/marcxml/schema/MARC21slim.xsd"
    xmlns="http://www.loc.gov/MARC21/slim">

  <leader>01134caa a22001692a 4500</leader>
  <controlfield tag="001">  019312</controlfield>
  <controlfield tag="003">  AR-FADEU</controlfield>
  <controlfield tag="008">  311216n########xxu####################dd</controlfield>
  <datafield tag="092" ind1=" " ind2=" ">
    <subfield code="a">D341.59</subfield>
    <subfield code="b">G633</subfield>
  </datafield>
  <datafield tag="100" ind1=" " ind2=" ">
    <subfield code="a">Jelonche, Edgar I.</subfield>
  </datafield>
  <datafield tag="245" ind1=" " ind2=" ">
    <subfield code="a">Privatizaciones, mercado de capitales e inversi&#xF3;n externa : la experiencia Argentina</subfield>
  </datafield>
  <datafield tag="300" ind1=" " ind2=" ">
    <subfield code="a">PP. 103-120</subfield>
  </datafield>
  <datafield tag="500" ind1=" " ind2=" ">
    <subfield code="a">En: Derecho econ&#xF3;mico internacional : encuentro ac&#xE1;demico entre la Universidad Cat&#xF3;lica de Lovaina y la Universidad de Buenos Aires / coor. Mar&#xED;a Cecilia G&#xF3;mez Mas&#xED;a. Buenos Aires : La Ley; UBA. Falcultad de Derecho, 2006</subfield>
  </datafield>
  <datafield tag="942" ind1=" " ind2=" ">
    <subfield code="c">BDGR</subfield>
  </datafield>
  <datafield tag="999" ind1=" " ind2=" ">
    <subfield code="c">25041</subfield>
    <subfield code="d">25041</subfield>
  </datafield>
  <datafield tag="773" ind1="0" ind2=" ">
    <subfield code="0">25020</subfield>
    <subfield code="9">24622</subfield>
    <subfield code="a">G&#xF3;mez Mas&#xED;a, Mar&#xED;a Cecilia, coor.</subfield>
    <subfield code="b"></subfield>
    <subfield code="d">Buenos Aires</subfield>
    <subfield code="o">9253</subfield>
    <subfield code="t">Derecho econ&#xF3;mico internacional : encuentro ac&#xE1;demico entre la Universidad Cat&#xF3;lica de Lovaina y la Universidad de Buenos Aires</subfield>
    <subfield code="w">(  AR-FADEU)  019291</subfield>
    <subfield code="x"></subfield>
    <subfield code="z">987-03-0928-3</subfield>
  </datafield>
  <datafield tag="773" ind1="0" ind2=" ">
    <subfield code="0">25020</subfield>
    <subfield code="9">24623</subfield>
    <subfield code="a">G&#xF3;mez Mas&#xED;a, Mar&#xED;a Cecilia, coor.</subfield>
    <subfield code="b"></subfield>
    <subfield code="d">Buenos Aires</subfield>
    <subfield code="o">9495</subfield>
    <subfield code="t">Derecho econ&#xF3;mico internacional : encuentro ac&#xE1;demico entre la Universidad Cat&#xF3;lica de Lovaina y la Universidad de Buenos Aires</subfield>
    <subfield code="w">(  AR-FADEU)  019291</subfield>
    <subfield code="x"></subfield>
    <subfield code="z">987-03-0928-3</subfield>
  </datafield>
</record>
